Sports Quiz

Random Sports or Country Quiz

WWE Cruiserweight Classic Locations Quiz Stats

 Plays Quiz not verified by Sporcle

Score 0/32 Timer 05:00
0 Plays Today
% Correct
United States
86.5%
United States
85%
Japan
84.7%
United States
83.9%
Japan
82.5%
United States
81.8%
Japan
81.2%
England
80.8%
United States
80.6%
India
79.7%
United States
77%
England
76.8%
United States
76.5%
Mexico
75.7%
India
75%
United States
74.4%
% Correct
Scotland & Israel
73.7%
France
68.7%
Philippines
66.5%
Hong Kong
66.5%
United States
66.4%
Iran
64.9%
American Samoa
64.4%
Pakistan
64.1%
Mexico
62%
Hong Kong
62%
Germany
60.4%
Chile
56.1%
Canada
55.9%
Australia
51.8%
Italy
50.7%
Puerto Rico
49.6%

You're not logged in!

Compare scores with friends on all Sporcle quizzes.
OR
Log In

Sporcle TV

Today on Sporcle TV


Watch our educational content, quiz creation guides, and fun videos on Sporcle TV.

Show Comments

Extras

Top Quizzes Today


Score Distribution

Your Account Isn't Verified!

In order to create a playlist on Sporcle, you need to verify the email address you used during registration. Go to your Sporcle Settings to finish the process.

Report this User

Report this user for behavior that violates our Community Guidelines.

Details: